ARRUPE JESUIT UNIVERSITY

CORONAVIRUS -STOP THE SPREAD - CLEAN,DISINFECT,COVER

Martin Luther (Record no. 86975)

MARC details
000 -LEADER
fixed length control field 00575nam a2200217Ia 4500
003 - CONTROL NUMBER IDENTIFIER
control field 0100
005 - DATE AND TIME OF LATEST TRANSACTION
control field 20170301092256.0
008 - FIXED-LENGTH DATA ELEMENTS--GENERAL INFORMATION
fixed length control field 130307s9999 xx 000 0 und d
040 ## - CATALOGING SOURCE
Transcribing agency ARRUPELIB
050 ## - LIBRARY OF CONGRESS CALL NUMBER
Classification number BR325.G451930
100 ## - MAIN ENTRY--PERSONAL NAME
Personal name Grisar, Hartmann
9 (RLIN) 29184
245 ## - TITLE STATEMENT
Title Martin Luther
245 ## - TITLE STATEMENT
Remainder of title His Life and Work
260 ## - PUBLICATION, DISTRIBUTION, ETC. (IMPRINT)
Place of publication, distribution, etc Westminster, Maryland
260 ## - PUBLICATION, DISTRIBUTION, ETC. (IMPRINT)
Name of publisher, distributor, etc The Newman Press
260 ## - PUBLICATION, DISTRIBUTION, ETC. (IMPRINT)
Date of publication, distribution, etc 1930
300 ## - PHYSICAL DESCRIPTION
Extent 609p
600 ## - SUBJECT ADDED ENTRY--PERSONAL NAME
Personal name Luther, Martin
9 (RLIN) 29170
700 ## - ADDED ENTRY--PERSONAL NAME
Personal name Adapted from the second German Edition by Frank J. Eble, Edited by Arthur Preuss
9 (RLIN) 29185
942 ## - ADDED ENTRY ELEMENTS (KOHA)
Source of classification or shelving scheme Library of Congress Classification
Koha item type Monograph ( Printed materials)
Holdings
Withdrawn status Lost status Source of classification or shelving scheme Damaged status Not for loan Collection code Home library Current library Date acquired Total Checkouts Full call number Barcode Date last seen Copy number Price effective from Koha item type
    Library of Congress Classification     Main Collection ARRUPE LIBRARY ARRUPE LIBRARY 07/03/2013   BR325.G451930 46003018555 07/03/2013 1 07/03/2013 Monograph ( Printed materials)

 

Arrupe Library. PO Box MP320 Mt Pleasant, Harare, Zimbabwe
263 242 745411|librarian@aju.ac.zw